Tìm hiểu một số thuật ngữ trong văn kiện đại hội đại biểu toàn quốc lần thứ XII của Đảng

Giới thiệu 89 thuật ngữ quan trọng được sử dụng trong báo cáo chính trị của Ban Chấp hành Trung ương Đảng khóa XI tại Đại hội đại biểu toàn quốc lần thứ XII của Đảng.

Wedi'i Gadw mewn:
Manylion Llyfryddiaeth
Prif Awdur: Phùng, Hữu Phú
Fformat: Llyfr
Iaith:Undetermined
Cyhoeddwyd: Hà Nội Chính trị Quốc gia 2016
Pynciau:
Tagiau: Ychwanegu Tag
Dim Tagiau, Byddwch y cyntaf i dagio'r cofnod hwn!
Thư viện lưu trữ: Trung tâm Học liệu Trường Đại học Cần Thơ
LEADER 01062nam a2200217Ia 4500
001 CTU_224074
008 210402s9999 xx 000 0 und d
082 |a 324.2597075 
082 |b Ph500 
100 |a Phùng, Hữu Phú 
245 0 |a Tìm hiểu một số thuật ngữ trong văn kiện đại hội đại biểu toàn quốc lần thứ XII của Đảng 
245 0 |c Phùng Hữu Phú, Nguyễn Văn Đặng, Nguyễn Viết Thông (Đồng chủ biên) 
260 |a Hà Nội 
260 |b Chính trị Quốc gia 
260 |c 2016 
520 |a Giới thiệu 89 thuật ngữ quan trọng được sử dụng trong báo cáo chính trị của Ban Chấp hành Trung ương Đảng khóa XI tại Đại hội đại biểu toàn quốc lần thứ XII của Đảng. 
650 |a Đảng Cộng sản,Communists 
650 |z Việt Nam,Vietnam 
904 |i Nguyên 
910 |b dqhieu 
980 |a Trung tâm Học liệu Trường Đại học Cần Thơ